People in Pictures with Park Chung-Hee - Statistics

General Stats
  • This quiz has been taken 37 times
  • The average score is 8 of 17
Answer Stats
Picture Hint Answer % Correct
United States John F. Kennedy
100%
United States Richard Nixon
100%
United States Jimmy Carter
94%
United States Gerald Ford
91%
China/Taiwan Chiang Kai-shek
68%
Philippines Ferdinand Marcos
65%
Singapore/South Korea Lee Kuan-yew/ Yuk Young-soo
56%
West Germany Willy Brandt
50%
United States Douglas MacArthur
24%
South Vietnam Nguyen Van Thieu
21%
South Korea Chun Doo-hwan
18%
South Korea Chang Do-yong
15%
South Korea (First Name) Kim Young-sam
15%
Japan Ikeda Hayato
12%
South Korea (First Name) Park Geun-hye
12%
South Korea (First Name) Kim Jae-Gyu
9%
South Korea (First Name) Kim Jong-pil
6%
No matching quizzes found
Score Distribution
Percent of People with Each Score
Percentile by Number Answered
Your Score History
You have not taken this quiz